Visualizzazione normale
Vista MARC
- "1° vol. (1-50) 2° vol. (51-100) 3° vol (101-150)"
di Personal Name
Records bibliografici associati: 1
001 - CONTROL NUMBER
- control field: 34127
003 - CONTROL NUMBER IDENTIFIER
- control field: IT-RoPau
005 - DATE AND TIME OF LATEST TRANSACTION
- control field: 20150424100507.0
008 - FIXED-LENGTH DATA ELEMENTS
- fixed length control field: 150424|| aca||aabn | a|a d
040 ## - CATALOGING SOURCE
- Original cataloging agency: IT-RoPau
- Transcribing agency: IT-RoPau
100 ## - HEADING--PERSONAL NAME
- Personal name: "1° vol. (1-50) 2° vol. (51-100) 3° vol (101-150)"
670 ## - SOURCE DATA FOUND
- Source citation: Work cat.: (IT-RoPau)103: Gianfranco Ravasi 33993, Il libro dei salmi. Commento e attualizzazione